Catálogo
 En Linea

The book of Iran : (Registro nro. 40939)

Detalles MARC
000 -CABECERA
campo de control de longitud fija 00756nam a2200181 a 4500
001 - NÚMERO DE CONTROL
campo de control 000041449
005 - FECHA Y HORA DE LA ÚLTIMA TRANSACCIÓN
campo de control 20201002034911.0
008 - DATOS DE LONGITUD FIJA--INFORMACIÓN GENERAL
campo de control de longitud fija 131007s2002 ir ab 001 0 eng d
020 ## - NÚMERO INTERNACIONAL ESTÁNDAR DEL LIBRO
Número Internacional Estándar del Libro 9649449140
040 ## - FUENTE DE LA CATALOGACIÓN
Centro catalogador/agencia de origen DO-SdBNP
Lengua de catalogación eng
Centro/agencia transcriptor BNPHU
100 1# - ENTRADA PRINCIPAL--NOMBRE DE PERSONA
Nombre de persona Ãyatollãhi, Habibollãh,
Fechas asociadas al nombre 1313-
9 (RLIN) 68119
245 10 - MENCIÓN DE TÍTULO
Título The book of Iran :
Resto del título the history of Iranian art /
Mención de responsabilidad, etc. Habibollãh Ãyatollhi ; editor Zhklin Haghshenãs, traducción Shermin Haghshenãs.
260 ## - PUBLICACIÓN, DISTRIBUCIÓN, ETC.
Lugar de publicación, distribución, etc. Tehran, Republica de Iran :
Nombre del editor, distribuidor, etc. Center for international cultural studies,
Fecha de publicación, distribución, etc. 2002.
300 ## - DESCRIPCIÓN FÍSICA
Extensión 362 p. :
Otras características físicas il., map. ;
Dimensiones 24 cm.
504 ## - NOTA DE BIBLIOGRAFÍA, ETC.
Nota de bibliografía, etc. Incluye referencias bibliográficas y notas al pie de las páginas
700 1# - PUNTO DE ACCESO ADICIONAL--NOMBRE DE PERSONA
Nombre de persona Haghshenãs, Zhãklin,
Término indicativo de función/relación ed.
9 (RLIN) 68120
700 1# - PUNTO DE ACCESO ADICIONAL--NOMBRE DE PERSONA
Nombre de persona Haghshenãs, Shermin,
Término indicativo de función/relación tr.
9 (RLIN) 68121
Existencias
Estado de retiro Estado de pérdida Restricciones de uso No para préstamo Código de colección Localización permanente Ubicación/localización actual Ubicación en estantería Fecha de adquisición Número de inventario Total de préstamos Signatura topográfica completa Código de barras Fecha visto por última vez Precio válido a partir de Tipo de ítem Koha
      Excluido de préstamo Monografías: Libros y Folletos General General Depósito 07.10.2013 LF1   41449-10 25.06.2020 25.06.2020 No se presta
        Monografías: Libros y Folletos General General Orden iniciada 07.10.2013 LF1   41450-10 25.06.2020 25.06.2020 No se presta

Con tecnología Koha